Joana banana (Record no. 190539)

MARC details
000 -LÍDER
campo de controle de tamanho fixo 00350 a2200169 4500
001 - NÚMERO DE CONTROLE
campo de controle 190539
020 ## - ISBN - INTERNATIONAL STANDARD BOOK NUMBER
ISBN - International Standard Book Number 85-08-08166-9
040 ## - FONTE DA CATALOGAÇÃO
Instituição que transcreveu o registro Magnum
100 ## - ENTRADA PRINCIPAL--NOME PESSOAL
Nome pessoal Porto, Cristina
240 10 - TÍTULO UNIFORME
Título uniforme Joana banana
Idioma da obra por
245 10 - TÍTULO
Título Joana banana
300 ## - DESCRIÇÃO FÍSICA
Extensão 130
362 0# - DATAS DE PUBLICAÇÃO E/OU DESIGNAÇÃO SEQUENCIAL
Datas de publicação e/ou designação sequencial 2003
440 #1 - DECLARAÇÃO DE SÉRIE/ENTRADA ADICIONADA--TÍTULO
Título Ática
697 ## - ENTRADA DE ASSUNTO LOCAL--ENTIDADE COLETIVA (RLIN)
Nome corporativo ou nome da jurisdição LITERATURA INFANTO-JUVENIL
942 ## - ELEMENTOS DE ENTRADA ADICIONADOS (KOHA)
Tipo de material Koha Livros
Holdings
Situação do descarte Situação das perdas Situação física Não pode ser emprestado Biblioteca de origem Biblioteca atual Data de aquisição Total de empréstimos Número de chamada completo Código de barras Data de último acesso Data do preço efetivo Tipo de material Koha
        Magnum Magnum 08/06/2024   869.2.1060 MAG00067307 08/06/2024 08/06/2024 Livros
        Magnum Magnum 08/06/2024   869.2.1060 MAG00067308 08/06/2024 08/06/2024 Livros
        Magnum Magnum 08/06/2024   869.2.1060 MAG00067309 08/06/2024 08/06/2024 Livros
        Magnum Magnum 08/06/2024   869.2.1060 MAG00067310 08/06/2024 08/06/2024 Livros
        Magnum Magnum 08/06/2024   869.2.1060 MAG00067311 08/06/2024 08/06/2024 Livros
        Magnum Magnum 08/06/2024   869.2.1060 MAG00067312 08/06/2024 08/06/2024 Livros
        Magnum Magnum 08/06/2024   869.2.1060 MAG00067313 08/06/2024 08/06/2024 Livros
        Magnum Magnum 08/06/2024   869.2.1060 MAG00076324 08/06/2024 08/06/2024 Livros